[Event "Regionalliga SW 0607"]
[Site "Bayern"]
[Date "2007.04.01"]
[Round "8.5"]
[White "Kampen, Hans"]
[Black "Czap, Bernhard"]
[Result "1-0"]
[WhiteElo "2048"]
[BlackElo "2099"]
[PlyCount "81"]
[EventDate "2006.10.15"]
[EventType "team-tourn"]
[EventRounds "9"]
[EventCountry "GER"]
[SourceTitle "EXT 2008"]
[Source "ChessBase"]
[SourceDate "2007.11.25"]
[SourceVersion "1"]
[SourceVersionDate "2007.11.25"]
[SourceQuality "1"]
[WhiteTeam "Augsburg"]
[BlackTeam "Unterhaching"]
[WhiteTeamCountry "GER"]
[BlackTeamCountry "GER"]

1. d4 f5 2. Nf3 Nf6 3. Bg5 e6 4. Nbd2 Be7 5. Bxf6 Bxf6 6. e4 0-0 7. Bd3 d5 8. e5 Be7 9. h4 c5 10. c3 Nc6 11. Qe2 cxd4 12. Nxd4 Nxd4 13. cxd4 Qb6 14. Nf3 Qa5+ 15. Kf1 Bd7 16. g3 Rac8 17. Kg2 Rc7 18. Rhc1 Rfc8 19. Rxc7 Rxc7 20. a3 b5 21. Rh1 b4 22. axb4 Qxb4 23. g4 fxg4 24. Ng5 Qxd4 25. Bxh7+ Kh8 26. Qd3 Qxd3 27. Bxd3 Kg8 28. Bg6 Rc4 29. b3 Rc3 30. Bf7+ Kf8 31. Bxe6 Bxe6 32. Nxe6+ Kf7 33. Nf4 Rxb3 34. Ra1 Bc5 35. Rc1 Bb6 36. Rc6 Rf3 37. e6+ Kg8 38. Rc8+ Kh7 39. e7 Rxf2+ 40. Kg3 Rf3+ 41. Kxg4 1-0

[Event "Regionalliga SW 0607"]
[Site "Bayern"]
[Date "2007.02.25"]
[Round "6.3"]
[White "Kampen, Hans"]
[Black "Lederle, Vitus"]
[Result "1-0"]
[WhiteElo "2048"]
[BlackElo "2069"]
[PlyCount "61"]
[EventDate "2006.10.15"]
[EventType "team-tourn"]
[EventRounds "9"]
[EventCountry "GER"]
[SourceTitle "EXT 2008"]
[Source "ChessBase"]
[SourceDate "2007.11.25"]
[SourceVersion "1"]
[SourceVersionDate "2007.11.25"]
[SourceQuality "1"]
[WhiteTeam "Augsburg"]
[BlackTeam "Dillingen"]
[WhiteTeamCountry "GER"]
[BlackTeamCountry "GER"]

1. d4 Nf6 2. Nf3 e6 3. Bf4 c5 4. c3 cxd4 5. cxd4 Bb4+ 6. Nbd2 Nc6 7. e3 Nh5 8. Bg3 Nxg3 9. hxg3 Bxd2+ 10. Qxd2 d6 11. Bd3 h6 12. Rc1 Bd7 13. Bb1 Rc8 14. 0-0 0-0 15. d5 exd5 16. Qxd5 Qf6 17. b4 g6 18. a3 Rfd8 19. Qd2 Ne5 20. Rxc8 Bxc8 21. Nd4 Nc4 22. Qc3 Ne5 23. Rc1 Bg4 24. Qd2 Kg7 25. Ba2 a6 26. Bd5 Rd7 27. f4 Nc6 28. Bxc6 bxc6 29. Rxc6 Ra7 30. Rxd6 Qe7 31. Nc6 1-0

[Event "Regionalliga SW 0607"]
[Site "Bayern"]
[Date "2006.12.10"]
[Round "4.5"]
[White "Kampen, Hans"]
[Black "Schreiber, Alexander"]
[Result "1/2-1/2"]
[WhiteElo "2048"]
[BlackElo "2030"]
[PlyCount "135"]
[EventDate "2006.10.15"]
[EventType "team-tourn"]
[EventRounds "9"]
[EventCountry "GER"]
[SourceTitle "EXT 2008"]
[Source "ChessBase"]
[SourceDate "2007.11.25"]
[SourceVersion "1"]
[SourceVersionDate "2007.11.25"]
[SourceQuality "1"]
[WhiteTeam "Augsburg"]
[BlackTeam "Muenchen Schwabing"]
[WhiteTeamCountry "GER"]
[BlackTeamCountry "GER"]

1. e4 c5 2. Nf3 d6 3. Bb5+ Bd7 4. Qe2 Nc6 5. c3 g6 6. 0-0 Bg7 7. Rd1 Nf6 8. d4 Qc7 9. h3 cxd4 10. cxd4 0-0 11. Nc3 a6 12. e5 dxe5 13. dxe5 Nxe5 14. Nxe5 Bxb5 15. Nxb5 axb5 16. Bf4 Qb6 17. Be3 Qe6 18. Qxb5 Ne4 19. Nc4 Rac8 20. Rac1 Rc6 21. Na5 Rxc1 22. Rxc1 Qxa2 23. Nxb7 Bxb2 24. Re1 Bc3 25. Rb1 Rb8 26. Qb3 Qe2 27. Qb5 Qa2 28. Qb3 Qxb3 29. Rxb3 Be5 30. g3 Nd6 31. Nc5 Rxb3 32. Nxb3 Nf5 33. Bc5 Bd6 34. Bb6 f6 35. Kg2 e5 36. Kf3 Kf7 37. Ke4 Ke6 38. Bc5 Bxc5 39. Nxc5+ Kd6 40. Nb3 Ke6 41. Nc5+ Kd6 42. Nb3 Ng7 43. Ke3 Kd5 44. h4 Nf5+ 45. Kd3 e4+ 46. Kd2 h5 47. Na5 Nd6 48. Ke2 Nc4 49. Nb3 Ke5 50. Nc5 Kf5 51. f3 exf3+ 52. Kxf3 Nd6 53. Nd7 Ne4 54. Nb6 Nd2+ 55. Kg2 Ke6 56. Na4 Ke5 57. Nc3 g5 58. hxg5 fxg5 59. Ne2 Ke4 60. Nc3+ Kf5 61. Nd5 Nc4 62. Kf3 Ne5+ 63. Kg2 Ng6 64. Kf3 h4 65. gxh4 Nxh4+ 66. Kg3 Ke5 67. Kg4 Kxd5 68. Kxg5 1/2-1/2

[Event "Regionalliga SW 0001"]
[Site "Bayern"]
[Date "2001.02.18"]
[Round "6.2"]
[White "Wood, Christopher Baruch"]
[Black "Kampen, Hans"]
[Result "1-0"]
[WhiteElo "2140"]
[BlackElo "2055"]
[PlyCount "62"]
[EventDate "2000.10.15"]
[EventType "team-tourn"]
[EventRounds "9"]
[EventCountry "GER"]
[SourceTitle "EXT 2020"]
[Source "ChessBase"]
[SourceDate "2019.10.17"]
[SourceVersion "1"]
[SourceVersionDate "2019.10.17"]
[SourceQuality "1"]
[WhiteTeam "Muenchen Tarrasch"]
[BlackTeam "Augsburg SG 1873"]
[WhiteTeamCountry "GER"]
[BlackTeamCountry "GER"]

1. e4 c5 2. Nf3 e6 3. d4 cxd4 4. Nxd4 Nf6 5. Nc3 Nc6 6. Nxc6 bxc6 7. e5 Nd5 8. Ne4 Qc7 9. f4 Qb6 10. Bd3 Ba6 11. Bxa6 Qxa6 12. Qe2 Qb6 13. c4 Bb4+ 14. Kf1 Nc7 15. Be3 Qa6 16. Kf2 0-0 17. Rhd1 Rad8 18. Nc5 Qc8 19. a3 Bxc5 20. Bxc5 Rfe8 21. Bxa7 Qb7 22. Bc5 Na6 23. Bd6 c5 24. b4 cxb4 25. axb4 Rc8 26. Rdc1 Ra8 27. Qf3 Qb6+ 28. Qe3 Qb7 29. b5 Nc7 30. Qc5 Rec8 31. Bxc7 Qxg2+ 1-0

[Event "Regionalliga SW 9900"]
[Site "Bayern"]
[Date "2000.??.??"]
[Round "5.2"]
[White "Rajic, Ivica"]
[Black "Kampen, Hans"]
[Result "0-1"]
[WhiteElo "2045"]
[BlackElo "2035"]
[PlyCount "83"]
[EventDate "1999.??.??"]
[EventType "team-tourn"]
[EventRounds "9"]
[EventCountry "GER"]
[SourceTitle "EXT 2020"]
[Source "ChessBase"]
[SourceDate "2019.10.17"]
[SourceVersion "1"]
[SourceVersionDate "2019.10.17"]
[SourceQuality "1"]
[WhiteTeam "Muenchen Suedost"]
[BlackTeam "Augsburg SG 1873"]
[WhiteTeamCountry "GER"]
[BlackTeamCountry "GER"]

1. d4 d5 2. c4 e6 3. Nf3 c6 4. e3 Nf6 5. Qc2 Nbd7 6. Nbd2 Bd6 7. c5 Bc7 8. b4 e5 9. dxe5 Nxe5 10. Bb2 Qe7 11. h3 0-0 12. a4 Re8 13. Nd4 Ng6 14. Be2 Nh4 15. g3 Ng6 16. Ra3 Bd7 17. f4 h5 18. Kf2 h4 19. g4 b6 20. g5 Nh7 21. N2f3 Bxf4 22. exf4 Nxf4 23. Bc1 Nxh3+ 24. Rxh3 Bxh3 25. Nxc6 Qc7 26. Nce5 Rxe5 27. Nxe5 Qxe5 28. Rxh3 Nxg5 29. Bxg5 Qxg5 30. c6 Qf4+ 31. Kg2 Re8 32. c7 Rc8 33. Rc3 d4 34. Rc6 Qg3+ 35. Kf1 h3 36. Qf5 Qg2+ 37. Ke1 Re8 38. Qd3 Qxc6 39. Qxh3 Qxc7 40. Kd1 Qe5 41. Bc4 Qe1+ 42. Kc2 0-1

[Event "Regionalliga SW 9900"]
[Site "Bayern"]
[Date "1999.??.??"]
[Round "1.2"]
[White "Trescher, Manfred"]
[Black "Kampen, Hans"]
[Result "1-0"]
[WhiteElo "2200"]
[BlackElo "2040"]
[PlyCount "81"]
[EventDate "1999.??.??"]
[EventType "team-tourn"]
[EventRounds "9"]
[EventCountry "GER"]
[SourceTitle "EXT 2020"]
[Source "ChessBase"]
[SourceDate "2019.10.17"]
[SourceVersion "1"]
[SourceVersionDate "2019.10.17"]
[SourceQuality "1"]
[WhiteTeam "Pasing II"]
[BlackTeam "Augsburg SG 1873"]
[WhiteTeamCountry "GER"]
[BlackTeamCountry "GER"]

1. e4 c5 2. Nf3 e6 3. b4 Nf6 4. e5 Nd5 5. b5 Be7 6. c4 Nc7 7. Bb2 0-0 8. Bd3 f5 9. exf6 Bxf6 10. Nc3 Qe8 11. Qc2 Qh5 12. Rg1 Be7 13. 0-0-0 d5 14. Rde1 d4 15. Ne4 Nd7 16. g4 Qh6 17. Rg3 g6 18. h4 b6 19. g5 Qg7 20. h5 Rf4 21. hxg6 hxg6 22. Nf6+ Kf7 23. Nxd7 Bxd7 24. Bxg6+ Kg8 25. Rh1 Raf8 26. Rh7 Rxf3 27. Rxg7+ Kxg7 28. Bh5 R3f5 29. Qe4 Kg8 30. f4 Bd6 31. Bg4 R5f7 32. Rh3 Rg7 33. Rf3 Rgf7 34. Kc2 a6 35. a4 axb5 36. axb5 Kg7 37. Rh3 Rg8 38. Bxd4+ Kf8 39. Be5 Bxe5 40. Qxe5 Bc8 41. Bh5 1-0

[Event "Regionalliga SW 9899"]
[Site "Bayern"]
[Date "1998.??.??"]
[Round "3.2"]
[White "Kampen, Hans"]
[Black "Kugelmann, Werner"]
[Result "0-1"]
[WhiteElo "2015"]
[BlackElo "2140"]
[PlyCount "86"]
[EventDate "1998.??.??"]
[EventType "team-tourn"]
[EventRounds "9"]
[EventCountry "GER"]
[SourceTitle "EXT 2020"]
[Source "ChessBase"]
[SourceDate "2019.10.17"]
[SourceVersion "1"]
[SourceVersionDate "2019.10.17"]
[SourceQuality "1"]
[WhiteTeam "Augsburg SG 1873"]
[BlackTeam "Lauingen"]
[WhiteTeamCountry "GER"]
[BlackTeamCountry "GER"]

1. e4 e5 2. f4 exf4 3. Nf3 d6 4. d4 g5 5. Bc4 h6 6. 0-0 Bg7 7. c3 Nc6 8. b4 Nf6 9. b5 Na5 10. Bd3 0-0 11. Ba3 Re8 12. Bb4 b6 13. Bxa5 bxa5 14. Nbd2 Ng4 15. Nc4 d5 16. exd5 Qxd5 17. Re1 Bd7 18. Nce5 Bxe5 19. Nxe5 Rxe5 20. Rxe5 Nxe5 21. dxe5 Qc5+ 22. Kh1 Qxc3 23. Rc1 Qxe5 24. Bh7+ Kxh7 25. Qxd7 Kg7 26. h3 Re8 27. a4 Re7 28. Qd3 Qe3 29. Qf1 h5 30. Qd1 f5 31. Rc6 Qe1+ 32. Qxe1 Rxe1+ 33. Kh2 Re7 34. Ra6 g4 35. hxg4 fxg4 36. Kg1 h4 37. Rxa7 Kf6 38. Rxa5 g3 39. Kf1 f3 40. Ra6+ Kg5 41. Rc6 h3 42. Rc5+ Kf4 43. Rc4+ Re4 0-1

[Event "Regionalliga SW 9798"]
[Site "Bayern"]
[Date "1997.??.??"]
[Round "?.5"]
[White "Fischer, Manfred"]
[Black "Kampen, Hans"]
[Result "0-1"]
[WhiteElo "2085"]
[BlackElo "1970"]
[PlyCount "136"]
[EventDate "1997.10.??"]
[EventType "team-tourn"]
[EventRounds "9"]
[EventCountry "GER"]
[SourceTitle "EXT 2020"]
[Source "ChessBase"]
[SourceDate "2019.10.17"]
[SourceVersion "1"]
[SourceVersionDate "2019.10.17"]
[SourceQuality "1"]
[WhiteTeam "Tuerkheim"]
[BlackTeam "Augsburg SG 1873"]
[WhiteTeamCountry "GER"]
[BlackTeamCountry "GER"]

1. e4 c6 2. Nc3 d5 3. f4 dxe4 4. Nxe4 Nd7 5. Qe2 Ndf6 6. Nf2 e6 7. Nf3 Bc5 8. g3 Ne7 9. Bh3 Qd5 10. c4 Bxf2+ 11. Kxf2 Qe4 12. Re1 Qxe2+ 13. Rxe2 0-0 14. d4 Rd8 15. b3 Bd7 16. Ba3 Nc8 17. Rae1 a5 18. Bb2 Nb6 19. Ne5 Bc8 20. Nd3 h6 21. g4 a4 22. g5 hxg5 23. fxg5 Ne8 24. Nf4 axb3 25. axb3 g6 26. Nd3 Ng7 27. Nc5 Ra2 28. Ne4 Ne8 29. Kg3 Bd7 30. Nf2 Ra5 31. Ne4 Ra2 32. Bg4 Bc8 33. h4 Nd7 34. h5 Nf8 35. Rf1 b5 36. Ref2 Ra7 37. Rh1 e5 38. Bxc8 Rxc8 39. Rfh2 Re7 40. dxe5 bxc4 41. bxc4 Rb8 42. Nf6+ Nxf6 43. gxf6 Reb7 44. Bd4 g5 45. Kg4 Ne6 46. Be3 Rb4 47. Rc1 Kh7 48. Rd2 Rb3 49. Bf2 R8b7 50. Rd6 Nf4 51. Re1 Rb2 52. Bg3 Rg2 53. Re3 Kh6 54. Kf3 Rbb2 55. Bxf4 Rbf2+ 56. Ke4 Rxf4+ 57. Kd3 c5 58. Rd5 Ra2 59. Re1 Ra3+ 60. Ke2 Rxc4 61. Rd2 Re4+ 62. Kf1 Rxe1+ 63. Kxe1 Re3+ 64. Re2 Rxe2+ 65. Kxe2 g4 66. Ke3 Kg5 67. Ke4 c4 68. Kd4 g3 0-1

[Event "Regionalliga SW 9596"]
[Site "Bayern"]
[Date "1996.??.??"]
[Round "?"]
[White "Kampen, Hans"]
[Black "Schuetz, Guenter"]
[Result "0-1"]
[WhiteElo "2005"]
[BlackElo "2175"]
[PlyCount "88"]
[EventDate "1995.10.??"]
[EventType "team-tourn"]
[EventRounds "9"]
[EventCountry "GER"]
[SourceTitle "EXT 1999"]
[Source "ChessBase"]
[SourceDate "1998.11.16"]
[SourceVersion "1"]
[SourceVersionDate "1998.11.16"]
[SourceQuality "1"]
[WhiteTeam "Augsburg SG 1873"]
[BlackTeam "Muenchen FC Bayern II"]
[WhiteTeamCountry "GER"]
[BlackTeamCountry "GER"]

1. d4 f5 2. Nf3 Nf6 3. Bg5 Ne4 4. Bf4 e6 5. e3 b6 6. Nbd2 Nxd2 7. Qxd2 Bb7 8. Be2 Be7 9. 0-0 0-0 10. c4 d6 11. b4 Nd7 12. Rfd1 Nf6 13. Ng5 Ne4 14. Nxe4 fxe4 15. c5 Bh4 16. cxd6 cxd6 17. Bc4 Rf6 18. Rac1 Rg6 19. Bg3 Qg5 20. Bf1 Bxg3 21. fxg3 Rf8 22. Bc4 Bd5 23. Bxd5 Qxd5 24. Rf1 Rgf6 25. Rxf6 Rxf6 26. Qe2 g6 27. Rc7 Rf7 28. Rc1 b5 29. h3 e5 30. dxe5 Qxe5 31. g4 a6 32. Qd2 d5 33. Rc6 Rd7 34. Rc5 Kf7 35. Rc8 Qf6 36. Qc2 Kg7 37. Rc6 Qa1+ 38. Kh2 Qe5+ 39. Kg1 d4 40. Qb2 Qg3 41. exd4 Qe3+ 42. Qf2 Qxd4 43. Rxa6 e3 44. Qe2 Qd1+ 0-1

[Event "Regionalliga SW 9495"]
[Site "Bayern"]
[Date "1995.??.??"]
[Round "?.4"]
[White "Drexel, Michael"]
[Black "Kampen, Hans"]
[Result "1/2-1/2"]
[WhiteElo "2075"]
[BlackElo "2020"]
[PlyCount "96"]
[EventDate "1994.10.??"]
[EventType "team-tourn"]
[EventRounds "9"]
[EventCountry "GER"]
[SourceTitle "EXT 1999"]
[Source "ChessBase"]
[SourceDate "1998.11.16"]
[SourceVersion "1"]
[SourceVersionDate "1998.11.16"]
[SourceQuality "1"]
[WhiteTeam "Muenchen RT"]
[BlackTeam "Augsburg SG 1873"]
[WhiteTeamCountry "GER"]
[BlackTeamCountry "GER"]

1. d4 d5 2. c4 e6 3. Nc3 c6 4. Bf4 Nf6 5. e3 Bd6 6. Bxd6 Qxd6 7. Nf3 Nbd7 8. Be2 0-0 9. 0-0 Qb8 10. Qc2 dxc4 11. Bxc4 e5 12. Rad1 exd4 13. Rxd4 Ne5 14. Be2 Nxf3+ 15. Bxf3 Be6 16. Rfd1 Qe5 17. a3 Qa5 18. Rb4 Rab8 19. Ne2 Qe5 20. Nf4 Rfe8 21. Qd2 h6 22. Qd6 Qxd6 23. Rxd6 Bf5 24. h3 Kf8 25. g4 Bh7 26. Rbd4 Ke7 27. Nh5 Nxh5 28. gxh5 Red8 29. Rxd8 Rxd8 30. Rb4 Rd7 31. Kg2 Bd3 32. Kg3 Rc7 33. Rd4 Bb1 34. Rb4 Kf8 35. Rc4 c5 36. b4 b6 37. Kf4 Ba2 38. Rc3 Be6 39. bxc5 Rxc5 40. Rxc5 bxc5 41. Ke4 Ke7 42. Be2 Kd6 43. h4 Ba2 44. Kd3 Bb3 45. Kc3 Bd5 46. f4 Bb7 47. Bc4 Ke7 48. Be2 Kd6 1/2-1/2

[Event "Regionalliga SW 9495"]
[Site "Bayern"]
[Date "1994.??.??"]
[Round "?.5"]
[White "Kampen, Hans"]
[Black "Marschner, Guenter"]
[Result "1/2-1/2"]
[WhiteElo "2020"]
[BlackElo "1930"]
[PlyCount "114"]
[EventDate "1994.10.??"]
[EventType "team-tourn"]
[EventRounds "9"]
[EventCountry "GER"]
[SourceTitle "EXT 1999"]
[Source "ChessBase"]
[SourceDate "1998.11.16"]
[SourceVersion "1"]
[SourceVersionDate "1998.11.16"]
[SourceQuality "1"]
[WhiteTeam "Augsburg SG 1873"]
[BlackTeam "Sonthofen"]
[WhiteTeamCountry "GER"]
[BlackTeamCountry "GER"]

1. e4 e6 2. d4 d5 3. Nc3 Nf6 4. Bg5 Be7 5. e5 Nfd7 6. h4 a6 7. Qg4 Kf8 8. 0-0-0 c5 9. f4 f6 10. exf6 Nxf6 11. Qg3 c4 12. Nf3 b5 13. Bxf6 Bxf6 14. Ne5 Nd7 15. f5 Nb6 16. fxe6 Bxe6 17. Re1 Qc8 18. Nf3 b4 19. Qd6+ Kf7 20. Ne2 Qb8 21. Qxb4 Re8 22. Qd2 Bf5 23. Nc3 Rxe1+ 24. Nxe1 Qd6 25. Be2 Re8 26. Bh5+ g6 27. Bf3 Qd8 28. g3 Kg7 29. Ng2 Be4 30. Rf1 Qd6 31. Nf4 Qd8 32. Bg4 Qd6 33. Nfe2 Na8 34. Qf4 Qxf4+ 35. Nxf4 Nc7 36. Nxe4 Rxe4 37. c3 Re8 38. Bf3 Rd8 39. Re1 Kf7 40. Bg4 Rd6 41. Rf1 Kg7 42. Re1 Kf7 43. Bf3 Kg7 44. Kc2 Kf7 45. Bg2 g5 46. hxg5 Bxg5 47. Rf1 Bxf4 48. Rxf4+ Kg7 49. Bh3 Rh6 50. Rh4 Rf6 51. Rg4+ Kh8 52. Rf4 Rh6 53. Bg4 Kg7 54. Bf3 Rh2+ 55. Kc1 Rf2 56. Bg4 Rg2 57. Rf3 Rg1+ 1/2-1/2